University Home | Library Home | Institutional Repository

Sayings of the Jewish Fathers. (Record no. 151410)

MARC details
000 -LEADER
fixed length control field 01940cam7a220036101 4500
001 - CONTROL NUMBER
control field lce00194844
005 - DATE AND TIME OF LATEST TRANSACTION
control field 20190823110627.0
008 - FIXED-LENGTH DATA ELEMENTS--GENERAL INFORMATION
fixed length control field 711020r19701897ne h b 001 0 eng
010 ## - LIBRARY OF CONGRESS CONTROL NUMBER
LC control number 76582675 //r903
015 ## - NATIONAL BIBLIOGRAPHY NUMBER
National bibliography number Ne***
020 ## - INTERNATIONAL STANDARD BOOK NUMBER
Terms of availability Fl60.00
035 ## - SYSTEM CONTROL NUMBER
System control number (Sirsi) r100579
035 ## - SYSTEM CONTROL NUMBER
System control number (DLC) 76582675 //r903
035 ## - SYSTEM CONTROL NUMBER
System control number (UPRA)lce00194844
040 ## - CATALOGING SOURCE
Original cataloging agency DLC
Transcribing agency DLC
Modifying agency DLC
041 0# - LANGUAGE CODE
Language code of text/sound track or separate title engheb
050 00 - LIBRARY OF CONGRESS CALL NUMBER
Classification number BM506.A2
Item number E5 1970
082 00 - DEWEY DECIMAL CLASSIFICATION NUMBER
Classification number 296.1/2
130 0# - MAIN ENTRY--UNIFORM TITLE
Uniform title Mishnah. Avot.
Name of part/section of a work Mishnah. Avot.
245 10 - TITLE STATEMENT
Title Sayings of the Jewish Fathers.
Remainder of title Sefer dibre Aboth ha-Olam. Comprising Pirque Aboth in Hebrew and English with critical notes and excursuses
Statement of responsibility, etc. [edited by] Charles Taylor.
250 ## - EDITION STATEMENT
Edition statement 2d ed., with additional notes and a Cairo fragment of Aquila's version of the Old Testament, and an appendix containing a catalogue of manuscripts and notes on the text of the Aboth, with an index.
Remainder of edition statement 2d ed., with additional notes and a Cairo fragment of Aquila's version of the Old Testament, and an appendix containing a catalogue of manuscripts and notes on the text of the Aboth, with an index.
260 ## - PUBLICATION, DISTRIBUTION, ETC.
Place of publication, distribution, etc. Amsterdam,
Name of publisher, distributor, etc. Philo Press,
Date of publication, distribution, etc. 1970.
500 ## - GENERAL NOTE
General note Reprint of the Cambridge ed. 1897-1900.
504 ## - BIBLIOGRAPHY, ETC. NOTE
Bibliography, etc. note Includes bibliographical references.
630 00 - SUBJECT ADDED ENTRY--UNIFORM TITLE
Uniform title Mishnah. Avot -- Commentaries.
Name of part/section of a work Mishnah. Avot -- Commentaries.
General subdivision Mishnah. Avot -- Commentaries.
Linkage S45246.1
630 00 - SUBJECT ADDED ENTRY--UNIFORM TITLE
Uniform title Mishnah. Avot -- Manuscripts -- Catalogs.
Name of part/section of a work Mishnah. Avot -- Manuscripts -- Catalogs.
General subdivision Mishnah. Avot -- Manuscripts -- Catalogs.
-- Mishnah. Avot -- Manuscripts -- Catalogs.
Linkage S45247.1
650 #0 - SUBJECT ADDED ENTRY--TOPICAL TERM
Topical term or geographic name entry element Manuscripts, Hebrew -- Catalogs.
General subdivision Manuscripts, Hebrew -- Catalogs.
Linkage S45248.1
700 1# - ADDED ENTRY--PERSONAL NAME
Personal name Taylor, Charles, 1840-1908.
Dates associated with a name Taylor, Charles, 1840-1908.
Linkage A58842.1
730 ## - ADDED ENTRY--UNIFORM TITLE
Uniform title 02a38.2..1.8 p38.2..10.5 l38.2..16.8
Date of a work 1970.
740 0# - ADDED ENTRY--UNCONTROLLED RELATED/ANALYTICAL TITLE
Uncontrolled related/analytical title Sefer dibre Aboth ha-Olam.
949 ## - LOCAL PROCESSING INFORMATION (OCLC)
a BM506.A2
w lcc
i -143368
m MAIN
t BOOK
l ON-SHELF

No items available.

© 2026 - The University of Zambia Library - Koha v25.11